The co-operative movement in Kenya : (Record no. 29470)

000 -LEADER
fixed length control field 01026cam a2200265 a 4500
001 - CONTROL NUMBER
control field 17165196
005 - DATE AND TIME OF LATEST TRANSACTION
control field 20180103123454.0
008 - FIXED-LENGTH DATA ELEMENTS--GENERAL INFORMATION
fixed length control field 120215s2011 ke a b 001 0 eng
010 ## - LIBRARY OF CONGRESS CONTROL NUMBER
LC control number 2012311103
020 ## - INTERNATIONAL STANDARD BOOK NUMBER
International Standard Book Number 9789966210197
040 ## - CATALOGING SOURCE
Original cataloging agency DLC
Transcribing agency DLC
Modifying agency DLC
042 ## - AUTHENTICATION CODE
Authentication code lcode
-- pcc
043 ## - GEOGRAPHIC AREA CODE
Geographic area code f-ke---
050 00 - LIBRARY OF CONGRESS CALL NUMBER
Classification number HD3560.5.A4
Item number K63 2011
100 1# - MAIN ENTRY--PERSONAL NAME
Personal name Kobia, Silas K.
245 14 - TITLE STATEMENT
Title The co-operative movement in Kenya :
Remainder of title challenges and opportunities /
Statement of responsibility, etc. Silas K. Kobia.
260 ## - PUBLICATION, DISTRIBUTION, ETC. (IMPRINT)
Place of publication, distribution, etc. Nairobi :
Name of publisher, distributor, etc. Lukiko Consulting Trust,
Date of publication, distribution, etc. 2011.
300 ## - PHYSICAL DESCRIPTION
Extent xiii, 195 p. :
Other physical details col. ill. ;
Dimensions 25 cm.
504 ## - BIBLIOGRAPHY, ETC. NOTE
Bibliography, etc Includes bibliographical references (p. 179-184) and index.
650 #0 - SUBJECT ADDED ENTRY--TOPICAL TERM
Topical term or geographic name as entry element Cooperative societies
Geographic subdivision Kenya.
650 #0 - SUBJECT ADDED ENTRY--TOPICAL TERM
Topical term or geographic name as entry element Development Studies
856 41 - ELECTRONIC LOCATION AND ACCESS
Materials specified Table of contents only
Uniform Resource Identifier <a href="http://www.loc.gov/catdir/toc/fy13pdf02/2012311103.html">http://www.loc.gov/catdir/toc/fy13pdf02/2012311103.html</a>
906 ## - LOCAL DATA ELEMENT F, LDF (RLIN)
a 7
b cbc
c origode
d 3
e ncip
f 20
g y-gencatlg
942 ## - ADDED ENTRY ELEMENTS (KOHA)
Source of classification or shelving scheme
Koha item type Hard Covered Materials
Classification part HD3560.5.A4K63 2011
Holdings
Withdrawn status Lost status Source of classification or shelving scheme Damaged status Not for loan Home library Current library Shelving location Date acquired Source of acquisition Cost, normal purchase price Total Checkouts Full call number Barcode Date last seen Price effective from Koha item type
          MACHAKOS UNIVERSITY LIBRARY MACHAKOS UNIVERSITY LIBRARY Africana 03/01/2018 Donation(DVC APF) 1740.00   HD3560.5.A4K63 2011 37416 31/05/2019 03/01/2018 Africana (Books)
          MACHAKOS UNIVERSITY LIBRARY MACHAKOS UNIVERSITY LIBRARY Africana 03/01/2018 Donation(DVC APF) 1740.00   HD3560.5.A4K63 2011 37417 31/05/2019 03/01/2018 Africana (Books)
© Machakos University Library, Along The Highway, Machakos Wote Rd, Machakos, Kenya P.O. Box 136 - 90100 Machakos - Kenya

Tel: ( +254 ) 723 805829 OR Fax : 044-20353 OR Email: library@mksu.ac.ke